Reklama a propagácia z pohľadu dane z príjmov

Vymedzenie reklamy a propagácie v právnych predpisoch. Výdavky na reklamu ako daňové výdavky. Reklamné predmety, nosiče reklám. Príjmy z reklamy.

Salvato in:
Dettagli Bibliografici
Autore principale: Oravcová, Martina
Natura: Capitolo di libro
Lingua:slovacco
Soggetti:
Tags: Aggiungi Tag
Nessun Tag, puoi essere il primo ad aggiungerne!!

MARC

LEADER 00000naa a2200000 4500
001 0225366
005 20161215091941.1
041 0 |a slo 
044 |a SK 
245 1 0 |a Reklama a propagácia z pohľadu dane z príjmov  |c Martina Oravcová 
520 |a Vymedzenie reklamy a propagácie v právnych predpisoch. Výdavky na reklamu ako daňové výdavky. Reklamné predmety, nosiče reklám. Príjmy z reklamy. 
610 2 0 |a reklama 
610 2 0 |a propagácia 
610 2 0 |a výdavky daňové 
610 2 0 |a príjmy 
610 2 0 |a dane z príjmov 
100 1 |a Oravcová, Martina